Statystyki dla Istniejące Dzisiaj Narody Słowiańskie

Kliknij tutaj aby rozwiązać quiz!

Ogólne statystyki

  • Ten quiz został rozwiązany 58 razy
  • Średni wynik to 12 z 18

Statystyki odpowiedzi

LiczbaNaród% Poprawnych
58 500 000Polacy
100%
137 215 200Rosjanie
100%
46 000 000Ukraińcy
100%
12 000 000Czesi
98%
9 000 000Białorusini
94%
6 500 000Słowacy
94%
12 500 000Serbowie
92%
7 000 000Chorwaci
89%
7 000 000Bułgarzy
81%
2 500 000Słoweńcy
81%
2 500 000Macedończycy
74%
400000Czarnogórcy
43%
4 000 000Boszniacy
42%
240000Kaszubi
40%
20000Dolnołużyczanie
9%
30000Górnołużyczanie
9%
1 762 500Rusini Karpaccy
8%
20000Rusini Panońscy
2%

Rozkład punktacji

Percentyl według liczby udzielonych odpowiedzi

Procent ludzi z każdym wynikiem

Twoja historia wyników

Nie rozwiązałeś tego quizu